00600 2200217 4500001002100000005001500021035002000036007000300056008004100059020001800100082001000118084001600128100002700144245005800171250001200229260004300241300003100284650002000315504003100335990001600366INLIS00000000000162320180221101100 a0010-0218000218ta180221 g 0 ind  a979-514-030-2 a302.2 a302.2 ONO k0 aONONG, Uchjana Effendy1 aKomunikasi Teori dan Praktek /cOnong Uchjana Effendy acet. 19 aBandung :bPT Remaja Rosdakarya,c2005 aix;178 hlm ;c15,5 x 24 cm aILMU KOMUNIKASI aBibliografi; hlm 178 - 181 a1071 599B B